|
|
|
|
| LEADER |
01332nam a2200349 a 4500 |
| 001 |
000706762 |
| 003 |
CZ BrMZK |
| 005 |
20060911124658.0 |
| 007 |
ta |
| 008 |
040223s2003 xr e p 000 0 cze d |
| 015 |
|
|
|a cnb001305769
|
| 020 |
|
|
|a 80-86732-15-0
|q (brož.)
|
| 035 |
|
|
|a (OCoLC)56859958
|
| 040 |
|
|
|a BOA001
|b cze
|
| 072 |
|
7 |
|a 51
|x Matematika
|2 Konspekt
|9 13
|
| 072 |
|
7 |
|a 37.016
|x Učební osnovy. Vyučovací předměty. Učebnice
|2 Konspekt
|9 22
|
| 080 |
|
|
|a 51-7:53
|2 MRF
|
| 080 |
|
|
|a (075.8)
|2 MRF
|
| 100 |
1 |
|
|a Čihák, Pavel,
|d 1933-2003
|7 xx0002427
|4 aut
|
| 245 |
1 |
0 |
|a Příklady z matematiky pro fyziky.
|n V. /
|c Pavel Čihák, Jan Čerych, Jiří Kopáček
|
| 250 |
|
|
|a Vyd. 2.
|
| 260 |
|
|
|a Praha :
|b Matfyzpress,
|c 2003
|
| 300 |
|
|
|a iv, 306 s. ;
|c 21 cm
|
| 504 |
|
|
|a Obsahuje bibliografii
|
| 650 |
0 |
7 |
|a matematická fyzika
|7 ph115239
|x úlohy
|2 czenas
|
| 655 |
|
7 |
|a učebnice vysokých škol
|7 fd133772
|2 czenas
|
| 700 |
1 |
|
|a Kopáček, Jiří,
|d 1932-2017
|7 jk01061610
|4 aut
|
| 700 |
1 |
|
|a Čerych, Jan,
|d 1944-
|7 xx0002428
|4 aut
|
| 856 |
4 |
1 |
|u http://www.digitalniknihovna.cz/mzk/uuid/uuid:eb3ea770-70f0-11e2-b1d4-005056827e51
|y Digitalizovaný dokument
|x NDK
|
| 910 |
|
|
|a BOA001
|b 2-1106.247,5
|
| 990 |
|
|
|a BK
|
| 996 |
6 |
|
|b 2610213352
|c 2-1106.247,5
|l MZK
|r Sklad / do 1 hodiny
|n 1
|p p.v.
|w 000706762
|u 000010
|a 1
|e BOA001
|j MZK50
|s P
|